000 01108nam a2200337 4500
003 MX-MxINE
005 20260601193858.0
008 260422b1990 mx a|||| |||| 00| 0 spa d
020 _a9681818989
040 _aICI
_bspa
_cICI
_erda
041 _aspa
_heng
050 _aTS1446
_b H6218
100 _a Hollen, Norma
_eautor
240 _a Textiles
_l Español
245 _a Introducción a los textiles
_cNorma Hollen, Jane Saddler, Anna L. Langford ; versión española María Cristina Sangines Franchini
250 _aPrimera edición
264 _a México
_b Editorial Limusa,
_c1987
300 _a 359 páginas
_b ilustraciones
336 _2rdacontent
_atexto
337 _2rdamedia
_asin medio
338 _2rdacarrier
_avolumen
500 _a Reimpresiones: (2014)
650 _aIndustria textil
_933384
650 _aTelas
_925185
650 _a Fibras textiles
_933385
700 _a Suddler, Jane
_e autor
_933386
700 _aLangford, Anna L.
_e autor
_933387
700 _a Sanguines Franchini, Maria Cristina
_etraductor
_933388
700 _aHollen, Norma.
942 _2ddc
_n0
_cB
999 _c22132
_d22132